Statystyki dla Najmniejsze kraje pod względem...

Kliknij tutaj aby rozwiązać quiz!

Ogólne statystyki

  • Ten quiz został rozwiązany 114 razy
  • Średni wynik to 5 z 10

Statystyki odpowiedzi

Państwo% Poprawnych
Najmniejsze państwo graniczące z RosjąEstonia
80%
Najmniejsze państwo mające ponad 100 mln ludnościBangladesz
67%
Najmniejsze państwo z gęstością zaludnienia ponad 1 tyś.Watykan
66%
Najmniejsze państwo w Unii EuropejskiejMalta
64%
Najmniejsze państwo w AfryceSeszele
57%
Najmniejsze państwo nad Oceanem SpokojnymNauru
49%
Najmniejsze państwo na literę GGrenada
47%
Najmniejsze państwo z ludnością ponad 1 mlnBahrajn
35%
Najmniejsze państwo mające gospodarkę ponad 1 bilionaKorea Południowa
35%
Najmniejsze państwo gdzie religią dominującą jest IslamMalediwy
30%

Rozkład punktacji

Percentyl według liczby udzielonych odpowiedzi

Procent ludzi z każdym wynikiem

Twoja historia wyników

Nie rozwiązałeś tego quizu